000 01024nam a22002537a 4500
003 PE SENCICO BE
005 20251020182639.0
008 230711b |||||||| |||| 00| 0 eng d
040 _aPE SENCICO BE
_cPE SENCICO BE
041 _aspa
084 _aI
_aTOP
_a2013
_bA45
100 1 _91230
_aAlvarez Oré, Jorge Andrés
_eautor
245 1 _aTrazo topográfico en carreteras y canales /
_cJorge Andrés Alvarez Oré
260 _aLima :
_c2013
300 _a118 h. :
_btabls., il. col. ;
_c29 cm.
502 _aMonografía de Titulación.-- Servicio Nacional de Capacitación para la Industria de la Construcción. Escuela Superior Técnica. Carrera Profesional Técnica en Topografía y Geodesía, 2013.
650 1 4 _94
_aTopografía
650 2 4 _9900
_aTrazado de carreteras
650 2 4 _9352
_aCarreteras
650 2 4 _9311
_aIngeniería de carreteras
710 1 _aServicio Nacional de Capacitación para la Industria de la Construcción.
_bEscuela Superior Técnica
_91065
910 _bhfp
_chfp
942 _cMON
999 _c4240
_d4240